1252 1685 1631 1126 1710 1160 1908 1422 1681 1641 1812 1103 1438 1314 1024 1982 1671 1650 1957 1583 1970 1230 1858 1930 1526 1931 1632 1947 1532 1815 1837 1833 1463 1810 1258 1086 1135 1105 1969 1532 1605 1832 1498 1306 1039 1586 1918 1384 1902 1800 1586 1388 1202 1714 1529 1665 1708 1371 1275 1235 1799 1191 1239 1096 1769 1301 1783 1074 1184 1154 1033 1848 1316 1947 1897 1907 1002 1412 1673 1383 1405 1797 1374 1172 1659 1271 1146 1433 1338 1054 1562 1930 1059 1807 1851 1174 1875 1443 1842 BCNSPRNW ULIB Ver.6.0+V

เปลี่ยนเป็นภาษาไทย

Change to English
 แสดงรายละเอียดบรรณานุกรม
  กลับหน้าหลัก

Brief Record : Get Marc (ISO 2709) : E-mail record : QR code < ปิดหน้าต่าง
LEADER : 00000nam 2200000uu 4500
001    13399127124
003     ULIB
008    020711s2018 th a 000 0 eng d
020    ^a9780826144171
060    ^aWY154.2^bT292D
100    ^aTener Goodwin Veenema.
245    ^aDisaster Nursing and Emergency Preparedness
250    ^a4th ed
260    ^aNew York :^bspringer Publishing Company,^c2018
300    ^a721 pages;^b30 cm
650    ^aEmergencies^xnursing
650    ^aDisasters
650    ^aDisaster^xplanning
945    ^p4990^l0^i006314
999    ^aประนอม เกษจรัล
รายการนี้ยังไม่มีแท็ก
คุณยังไม่ได้ล็อกอิน คุณสามารถมีกิจกรรมร่วมกับเว็บไซต์ได้ แต่ต้องล็อกอินก่อน ::
  ล็อกอิน

รายการสื่อสารสนเทศ

ลำดับที่ ประเภท เลขเรียก/บาร์โค้ด สถานที่ สถานะ
1. Book การพยาบาล
Book การพยาบาล
WY154.2 T292D ฉ.1 
  Barcode: 006314
ห้องสมุดวิทยาเขตสวรรค์ประชารักษ์
►หนังสือทั่วไป
บนชั้น

รายการใกล้เคียง
    หัวเรื่อง [Emergencies nursing]
    หัวเรื่อง [Disasters]
    หัวเรื่อง [Disaster planning]

BibComment


ยังไม่เคยถูกคอมเมนท์

คอมเมนท์ทรัพยากรรายการนี้
  คอมเมนท์: Disaster Nursing..


 Copyright 2026. Bcnsprnw @Library